| 000 | 00570nam a2200169Ia 4500 | ||
|---|---|---|---|
| 008 | 240729s9999 xx 000 0 und d | ||
| 022 | _a2300-7125 | ||
| 245 | 0 | _aFolia Malacologica | |
| 260 | _aPoland | ||
| 260 | _bThe Association of Polish Malacologists in cooperation with The Faculty of Biology, Adam Mickiewicz University in Poznań & Bogucki Wydawnictwo Naukowe | ||
| 650 | _a Biology (General) | Science | ||
| 650 | _a Zoology | ||
| 650 | _aScience | ||
| 856 | _uhttps://doaj.org/toc/c5b3503a83bd4f198c8ad49ccec6aa36 | ||
| 942 | _2ddc | ||
| 942 | _cDOAJEJ | ||
| 999 |
_c71198 _d71198 |
||
| 945 |
_a1 _bMadushi Gamage _c1 _dMadushi Gamage |
||